The Layman's Guide to Artificial Intelligence (Record no. 46478)

MARC details
000 -LEADER
fixed length control field 00416nam a22001577a 4500
005 - DATE AND TIME OF LATEST TRANSACTION
control field 20250824210020.0
008 - FIXED-LENGTH DATA ELEMENTS--GENERAL INFORMATION
fixed length control field 250824b |||||||| |||| 00| 0 eng d
020 ## - INTERNATIONAL STANDARD BOOK NUMBER
International Standard Book Number 9798898264550
082 ## - DEWEY DECIMAL CLASSIFICATION NUMBER
Classification number 006.3 DOS
100 ## - MAIN ENTRY--PERSONAL NAME
Author Doshi, Hiren
245 ## - TITLE STATEMENT
Title The Layman's Guide to Artificial Intelligence
260 ## - PUBLICATION, DISTRIBUTION, ETC.
Place India
Publisher Notion Press
Publication Year 2025
300 ## - PHYSICAL DESCRIPTION
Extent 106;. p. 20 cm
650 ## - SUBJECT ADDED ENTRY--TOPICAL TERM
Subject Artificial Intelligence
942 ## - ADDED ENTRY ELEMENTS (KOHA)
Koha item type Books
Holdings
Withdrawn status Lost status Source of classification or shelving scheme Damaged status Not for loan Home library Current library Shelving location Accession Date Vendor Price Bill number Total Checkouts Full call number Barcode No Date last seen Date last checked out Bill Date Koha item type Suggested By
    Dewey Decimal Classification     IMTN IMTN Rack 3-B 08/23/2025 Amazon.in 247.00 XYNY-460925 1 006.3 DOS 33943 10/10/2025 10/05/2025 08/01/2025 Books Faculty Purchase By Dr. Abhishek N Singh
Designed & Maintained by: LRC IMT Nagpur Contact: lrc@imtnag.ac.in© 2024. All Rights Reserved.